000 00211nam a22000857a 4500
008 170302b xxu||||| |||| 00| 0 eng d
100 _93009
_aKamal.M.P
245 _aChhatrapati Shivaji
260 _aNew Delhi
_bRPB
_c2006
999 _c6252
_d6252